00674nam a2200181 a 450000100100000000500170001000800410002702000150006804000250008308200160010810000250012424501310014926000820028030000200036250400300038270000160041271000640042800004296120201002040530.0140213s1993 cr 000 0 spa d a997706007x aDO-SdBNPbspacBNPHU axxxxbR541a1 aRico, José María13aLa administración de justicia en América Latina :buna introducción al sistema penal /cJosé María Rico, Luis Salas. aSan José, Costa Rica :bCentro para la Administración de Justicia,c1993. a56 p. ;c28 cm. aBibliografía : p. 54-561 aSalas, Luis2 aCentro para la Administración de la Justicia (Costa Rica)